История любви: романы; пер. с англ.; История любви; Почтальон всегда звонит дважды; По найму

Detalles Bibliográficos
Idioma:ruso
Publicado: Москва, Пресса, 1993
TOC:Эрих Сигал, История любви;
Джеймс Кейн, Почтальон всегда звонит дважды;
Лесли Пол Хартли, По найму;
Subjects:
Formato: Libro
KOHA link:https://koha.lib.tpu.ru/cgi-bin/koha/opac-detail.pl?biblionumber=79443

MARC

LEADER 00000nam0a2200000 4500
001 79443
005 20240917161527.0
010 |a 5-253-742-3 
035 |a (RuTPU)RU\TPU\book\85412 
090 |a 79443 
100 |a 20050817d1993 m y0rusy50 ca 
101 1 |a rus  |c eng 
102 |a RU 
105 |a a z 000ay 
181 0 |a i   |b  e  
182 0 |a n 
183 0 |a nc  |2 RDAcarrier 
200 1 |a История любви  |e романы  |e пер. с англ. 
203 |a Текст  |b визуальный  |c непосредственный 
210 |a Москва  |c Пресса  |d 1993 
215 |a 400 с.  |c ил. 
283 |a volume  |2 RDAcarrier 
464 1 |t История любви  |f Эрих Сигал 
464 1 |t Почтальон всегда звонит дважды  |f Джеймс Кейн 
464 1 |t По найму  |f Лесли Пол Хартли 
606 1 |a Английская литература  |9 52454 
610 1 |a художественная литература 
610 1 |a любовные романы 
610 1 |a мелодрамы 
675 |a 82  |v 3 
801 1 |a RU  |b 63413507  |c 20050817  |g PSBO 
801 2 |a RU  |b 63413507  |c 20191210  |g PSBO 
942 |c BK